Military Exercises Featuring 🇮🇳 - Statistics

General Stats
  • This quiz has been taken 11 times
    4 since last reset
  • The average score is 19 of 51
Answer Stats
Navy Answer % Correct
AUSINDEX Australia
100%
AUSTRAH HINDBAH Australia
50%
BONGOSAGAR- Bangladesh
50%
IN - BN CORPAT Bangladesh
50%
HAND IN HAND China
50%
BRIGHT STAR Egypt
50%
VARUNA France
50%
SHAKTI France
50%
INIOCHOS Greece
50%
SAMUDRA SHAKTI Indonesia
50%
GARUDA SHAKTI Indonesia
50%
MALABAR IND , USA, JAPAN, AUSTRALIA
50%
VEER GUARDIAN Japan
50%
JIMEX Japan
50%
PRABAL DOSTYKK Kazakhstan
50%
KHANJAR Kyrgyzstan
50%
NOMADIC ELEPHANT Mongolia
50%
SURYA KIRAN Nepal
50%
AL NAGAH Oman
50%
NASEEM - Al - BAHR Oman
50%
Za’ir Al Bahr Qatar
50%
INDRA Russia
50%
Al - Mohed Al - Hindi Saudi Arabia
50%
LAMITIYE Seychelles
50%
SIMBEX Singapore
50%
SLINEX Sri Lanka
50%
MITRA SHAKTI Sri Lanka
50%
MAITREE Thailand
50%
SIAM BHARAT Thailand
50%
DESERT FLAG UAE
50%
KONKAN UK
50%
AJEYA WARRIOR UK
50%
INDRADHANUSH UK
50%
VAJYRA PRAHAR USA
50%
YUDHABHYAS USA
50%
COPE INDIA USA
50%
TIGER TRIUMPH USA
50%
AIKEYME Africa
0%
SEA DRAGON Australia, Japan, South Korea, and the U.S.
0%
SAMPRITI Bangladesh
0%
Cyclone Egypt
0%
KOMODO Indonesia
0%
SAMUDRA LAXMAN Malaysia
0%
EKUVERIN Maldives
0%
IMBEX Myanmar
0%
IMCOR Myanmar
0%
EASTERN BRIDGE Oman
0%
Bold Kurukshetra Singapore
0%
SALVEX USA
0%
RED FLAG USA
0%
VINBAX Vietnam
0%
No matching quizzes found
Score Distribution
Percent of People with Each Score
Percentile by Number Answered
Your Score History
You have not taken this quiz since the last reset